|
|
|
|
| LEADER |
00000nam0a2200000 4500 |
| 001 |
215691 |
| 005 |
20231101230003.0 |
| 010 |
|
|
|a 9785222187074
|
| 035 |
|
|
|a (RuTPU)RU\TPU\book\235622
|
| 090 |
|
|
|a 215691
|
| 100 |
|
|
|a 20120516d2012 m y0rusy50 ca
|
| 101 |
0 |
|
|a rus
|
| 102 |
|
|
|a RU
|
| 105 |
|
|
|a a z 000zy
|
| 200 |
1 |
|
|a Медвежья стратегия
|f Л. Зайверт
|
| 210 |
|
|
|a Ростов-на-Дону
|c Феникс
|d 2012
|
| 215 |
|
|
|a 125 с.
|c ил.
|
| 225 |
1 |
|
|a Деловая книга
|
| 330 |
|
|
|a Медвежья мудрость гласит: сила кроется в спокойствии.В этой книге медведи готовы передать читателям силу, уверенность и степенность — всё то, что так необходимо нашему суетному и хаотичному миру. Медведи помогут нам:— представить свою мечту;— найти цель в жизни;— делать только то, что действительно приносит удовольствие;— разумно распределить своё время;— осуществить свои желания и стать счастливыми!
|
| 606 |
1 |
|
|a Успех
|x Психология
|2 stltpush
|3 (RuTPU)RU\TPU\subj\63448
|9 80476
|
| 610 |
1 |
|
|a цель
|
| 610 |
1 |
|
|a мечты
|
| 610 |
1 |
|
|a счастье
|
| 610 |
1 |
|
|a достижения
|
| 610 |
1 |
|
|a бизнес
|
| 610 |
1 |
|
|a практические советы
|
| 686 |
|
|
|a Ю949.3
|v LBC/SL-A
|2 rubbk
|
| 700 |
|
1 |
|a Зайверт
|b Л.
|g Лотар
|
| 801 |
|
1 |
|a RU
|b 63413507
|c 20120516
|
| 801 |
|
2 |
|a RU
|b 63413507
|c 20150617
|g RCR
|
| 942 |
|
|
|c BK
|
| 959 |
|
|
|a 76/20120516
|d 2
|e 266,00
|f ЧЗГЛ:1
|f АНЛ:1
|